Clinical Pharmacy and Therapeutics (Record no. 3768)

MARC details
000 -LEADER
fixed length control field 00604nam a22002177a 4500
003 - CONTROL NUMBER IDENTIFIER
control field OSt
005 - DATE AND TIME OF LATEST TRANSACTION
control field 20160427183657.0
008 - FIXED-LENGTH DATA ELEMENTS--GENERAL INFORMATION
fixed length control field 160426b xxu||||| |||| 00| 0 eng d
020 ## - INTERNATIONAL STANDARD BOOK NUMBER
International Standard Book Number 9780702042942
040 ## - CATALOGING SOURCE
Transcribing agency DNLM
082 ## - DEWEY DECIMAL CLASSIFICATION NUMBER
Classification number QV748 W141c 2012
100 ## - MAIN ENTRY--PERSONAL NAME
Personal name edited by Roger, Walker; Cate, Whittlesea
9 (RLIN) 8299
245 ## - TITLE STATEMENT
Title Clinical Pharmacy and Therapeutics
250 ## - EDITION STATEMENT
Edition statement 5th ed.
260 ## - PUBLICATION, DISTRIBUTION, ETC. (IMPRINT)
Place of publication, distribution, etc. Edinburgh; Churchill, 2012
300 ## - PHYSICAL DESCRIPTION
Extent xiii,981p; col.ill: 28cm
504 ## - BIBLIOGRAPHY, ETC. NOTE
Bibliography, etc Appenices, glossary, & index included
650 ## - SUBJECT ADDED ENTRY--TOPICAL TERM
Topical term or geographic name as entry element Pharmacy
9 (RLIN) 8300
650 ## - SUBJECT ADDED ENTRY--TOPICAL TERM
Topical term or geographic name as entry element Therapeutics
9 (RLIN) 1626
942 ## - ADDED ENTRY ELEMENTS (KOHA)
Source of classification or shelving scheme Other/Generic Classification Scheme
Koha item type Book Bank
Holdings
Withdrawn status Lost status Source of classification or shelving scheme Damaged status Not for loan Home library Current library Date acquired Source of acquisition Inventory number Total Checkouts Full call number Barcode Date last seen Date last checked out Koha item type
    Other/Generic Classification Scheme     MUST Main Library MUST Main Library 26/04/2016   14/37917 3 QV748 W141c 2012 2016-1374 20/05/2024 22/03/2024 Book Bank
    Other/Generic Classification Scheme     MUST Main Library MUST Main Library 26/04/2016   14/37918 3 QV748 W141c 2012 2016-1375 20/05/2024 22/03/2024 Book Bank
    Other/Generic Classification Scheme     Pharmacy Department Library Pharmacy Department Library 25/09/2018   17/40463   QV748 W141c 2012 2018-0322 25/09/2018   Short Loan